| 000 | 00585nam a2200169 i 4500 | ||
|---|---|---|---|
| 001 | 64494 | ||
| 003 | ES-MaACL | ||
| 005 | 20230906165137.0 | ||
| 007 | t| | ||
| 008 | 031226s1952 sp ||||1| spa d | ||
| 100 | 1 |
_aFont Martorell, Gabriel. _951561 |
|
| 245 | 1 | 0 |
_aManual del guía de turismo de Mallorca / _cGabriel Font Martorell y Juan Muntaner Bujosa. |
| 260 |
_aPalma de Mallorca : _bFomento del Turismo, _c1952 ( _fFernando Soler Queralt) |
||
| 300 |
_a134 p., 2 lám. : _bmap., il. ; _c21 cm. |
||
| 700 | 1 |
_aMuntaner Bujosa, Juan. _984240 |
|
| 852 |
_aES-MaACL _jD-8127 _bR.32470 |
||
| 999 |
_c64494 _d64494 |
||